| 000 | 00406nam a2200145 a 4500 | ||
|---|---|---|---|
| 001 | 000040047 | ||
| 005 | 20201002033902.0 | ||
| 008 | 130805s1998 xxu 000 0 spa d | ||
| 020 | _a0590496379 | ||
| 040 |
_aDO-SdBNP _bspa _cBNPHU |
||
| 100 | 1 |
_aApplegate, K. A. _966303 |
|
| 245 | 1 | 0 |
_aAnimorphs : _bthe discovery / _cK. A. Applegate. |
| 260 |
_aNew York : _bScholastic, _c1998. |
||
| 300 |
_a153 p. ; _c20 cm. |
||
| 999 |
_c39537 _d39537 |
||